000 00720nam a22002057a 4500
005 20251107084006.0
008 251105b |||||||| |||| 00| 0 eng d
020 _a978-9387791602
040 _cAL
041 _aEnglish
082 _a954.035
_bNAMA
100 _aSuresh Nambath
_9244480
245 _aAssassination of Mahatma Gandhi
_b: trial and verdict 1948-49
260 _aChennai
_bTHG Publishing Private Limited
_c2025
365 _a695-2025/26
_b₹559.00
_c
_d₹699.00
_e20%
_f07-10-2025
650 _aMahatma Gandhi 1869–1948 Assassination.
_9244155
650 _aIndia Politics and government 1947 -1950
_9244156
650 _aMahatma Gandhi 1869–1948 Trials litigation
_9244157
942 _2ddc
_cBK
999 _c240672
_d240672